banner-ar

نهب الفقراء : (Record no. 61940)

MARC details
000 -الفاتح
حقل البيانات ثابتة الطول 01083nam a22002537a 4500
005 - وقت وتاريخ اخر تعامل مع التسجيلة
رقم الضبط 20240530110523.0
008 - عناصر البيانات ثابتة الطول - معلومات عامة
حقل البيانات ثابتة الطول 160223s2011 ua a g b 000 0 ara d
017 ## - رقم الايداع القانونى
رقم الايداع القانونى 2011/10918
المصدر ( الهيئة المختصة) مصر . دار الكتب المصرية
020 ## - الرقم الدولى المعيارى للكتب
الرقم الدولى المعيارى للكتاب 9789774219023
040 ## - مصدر الفهرسة
وكالة الفهرسة الأصلية EG-CaGPL
082 04 - رقم تصنيف ديوى العشرى
رقم الطبعة 21
رقم التصنيف 338.88\
رقم المادة م ن
100 1# - المدخل الرئيسى - إسم شخصى
الإسم الشخصى ميدلى ، جون .
245 10 - بيان العنوان
العنوان نهب الفقراء :
بقية العنوان الشركات عابرة القومية و استنزاف موارد البلاد النامية /
بيان المسئوليه,etc تاليف جون ميدلى ؛ ترجمة بدر الرفاعى .
250 ## - بيان الطبعة
بيان الطبعة ط1.
260 ## - PUBLICATION, DISTRIBUTION, ETC. (IMPRINT)
تاريخ النشر أو التوزيع 2011 .
300 ## - الوصف المادى
التعداد 301 ص ؛
أبعاد الوعاء 24 سم .
490 0# - بيان السلسلة
عنوان السلسلة المشروع القومى للترجمة ، العدد 1858
650 04 - المدخل الاضافى بالموضوع-مصطلح موضوعى
مصطلح موضوعي الشركات متعددة الجنسيات .
650 04 - المدخل الاضافى بالموضوع-مصطلح موضوعى
مصطلح موضوعي التنمية الزراعية
التقسيم الفرعي الجغرافي الدول النامية .
651 04 - المدخل الاضافى بالموضوع - اسم جغرافى
الاسم الجغرافي الدول النامية .
700 0# - المدخل الاضافى - اسم شخصى
الإسم الشخصى بدر الرفاعى
الدور مترجم .
942 ## - عناصر المدخل الإضافي( كوها)
مصدر التصنيف او مخطط الترفيف Dewey Decimal Classification
Koha [default] item type كتاب
260 ## - PUBLICATION, DISTRIBUTION, ETC. (IMPRINT)
-- القاهرة :
-- المركز القومى للترجمة ،
Holdings
حالة التراجع حالة الفقد حالة تلف ليس للاعارة المكان المؤقت الموقع الحالى تاريخ الاكتساب اجمالي اﻻعارات رقم الطلب الباركود تاريخ اخر مشاهدة تاريخ تفعيل السعر نوع وعاء كوها
        مكتبة القاهرة الكبرى مكتبة القاهرة الكبرى 02/23/2016   338.88\ م ن 161395 02/23/2016 02/23/2016 كتاب

Powered By

EGPV